000 00210nam a22000977a 4500
041 _aENG
245 _aSoil Conservation In Ethiopia
260 _aDelhi
_bWatershe Development
_c1995
650 _a48
856 _u48
999 _c3133
_d3133